Normal view
MARC view
- ANU RAY MATHEW
Entry Personal Name
001 - CONTROL NUMBER
- control field: 2463
003 - CONTROL NUMBER IDENTIFIER
- control field: OSt
005 - DATE AND TIME OF LATEST TRANSACTION
- control field: 20180105121307.0
008 - FIXED-LENGTH DATA ELEMENTS
- fixed length control field: 180105|| aca||aabn | a|a d
040 ## - CATALOGING SOURCE
- Original cataloging agency: OSt
- Transcribing agency: OSt
100 ## - HEADING--PERSONAL NAME
- Personal name: ANU RAY MATHEW
670 ## - SOURCE DATA FOUND
- Source citation: Work cat.: (OSt): ANU RAY MATHEW, Development and field evaluation of a cardamom polishing machine
